Film col maggiore incasso per ogni anno - Statistics

Statistiche generali
  • Questo quiz è stato fatto 15 volte
    11 dall'ultimo reset
  • Il punteggio medio è 22 su 108
Statistiche sulle risposte
Incasso ($) Anno Film % Corretto
2 799 439 100 2019 Avengers: Endgame
90%
2 048 359 754 2018 Avengers: Infinity War
90%
2 923 706 026 2009 Avatar
80%
2 320 250 281 2022 Avatar - La via dell'acqua
80%
1 921 847 111 2021 Spider-Man: No Way Home
80%
1 518 815 515 2012 The Avengers
80%
1 441 717 724 2023 Barbie
70%
792 910 554 1982 E.T. l'extra-terrestre
70%
475 106 177 1983 Il ritorno dello Jedi
70%
1 027 082 707 1999 Star Wars: Episodio I - La minaccia fantasma
70%
1 332 698 830 2017 Star Wars: Gli ultimi Jedi
70%
2 069 521 700 2015 Star Wars: Il risveglio della Forza
70%
2 264 743 305 1997 Titanic
70%
1 155 595 040 2003 Il Signore degli Anelli - Il ritorno del re
60%
948 734 205 2002 Il Signore degli Anelli - Le due torri
60%
184 925 486 1937 Biancaneve e i sette nani
50%
1 342 360 114 2011 Harry Potter e i Doni della Morte - Parte 2
50%
897 048 648 2005 Harry Potter e il calice di fuoco
50%
1 024 254 401 2001 Harry Potter e la pietra filosofale
50%
1 007 336 937 2008 Il cavaliere oscuro
50%
96 383 330 1950 Cenerentola
40%
1 281 508 100 2013 Frozen - Il regno di ghiaccio
40%
250 341 816 1972 Il padrino
40%
333 107 271 1984 Indiana Jones e il tempio maledetto
40%
474 171 806 1989 Indiana Jones e l'ultima crociata
40%
1 698 863 816 2024 Inside Out 2
40%
389 925 971 1981 I predatori dell'arca perduta
40%
476 512 065 1975 Lo squalo
40%
121 892 045 1940 Pinocchio
40%
402 382 193 1939 Via col vento
40%
396 271 103 1978 Grease
30%
1 033 928 303 1993 Jurassic Park
30%
87 404 651 1953 Le avventure di Peter Pan
30%
357 288 178 1986 Top Gun
30%
124 900 000 1964 Agente 007 - Missione Goldfinger
20%
115 999 985 1971 Agente 007 - Una cascata di diamanti
20%
968 511 805 1994 Il re leone
20%
546 388 108 2000 Mission: Impossible 2
20%
225 000 000 1976 Rocky
20%
1 104 054 072 2014 Transformers 4 - L'era dell'estinzione
20%
190 700 000 1968 2001: Odissea nello spazio
10%
4 500 000 1920 Agonia sui ghiacci
10%
74 437 720 1959 Ben-Hur
10%
1 153 337 496 2016 Captain America: Civil War
10%
12 001 420 1931 Frankenstein
10%
505 703 557 1990 Ghost - Fantasma
10%
775 398 007 1977 Guerre stellari
10%
205 843 612 1967 Il libro della giungla
10%
9 183 673 1921 I quattro cavalieri dell'Apocalisse
10%
37 034 884 1954 La finestra sul cortile
10%
441 306 145 1973 L'esorcista
10%
1 000 000 1919 L'uomo del miracolo
10%
8 000 000 1918 Mickey
10%
354 825 435 1988 Rain Man - L'uomo della pioggia
10%
383 336 762 1985 Ritorno al futuro
10%
928 760 770 2004 Shrek 2
10%
1 067 316 101 2010 Toy Story 3 - La grande fuga
10%
394 436 586 1995 Toy Story - Il mondo dei giocattoli
10%
504 050 219 1992 Aladdin
0%
553 709 788 1998 Armageddon - Giudizio finale
0%
320 145 693 1987 Attrazione fatale
0%
267 447 150 1942 Bambi
0%
102 311 293 1969 Butch Cassidy
0%
3 202 000 1935 Cappello a cilindro
0%
57 777 778 1963 Cleopatra
0%
507 119 058 2020 Demon Slayer - Il treno Mugen
0%
34 562 222 1966 Hawaii
0%
65 500 000 1956 I dieci comandamenti
0%
3 000 000 1927 Il cantante di jazz
0%
27 200 000 1957 Il ponte sul fiume Kwai
0%
16 364 924 1941 Il sergente York
0%
1 700 000 1934 Il velo dipinto
0%
12 883 108 1944 Incontriamoci a Saint Louis
0%
817 400 891 1996 Independence Day
0%
3 800 000 1923 I pionieri
0%
65 000 000 1946 I racconti dello zio Tom
0%
5 363 000 1943 Joe il pilota
0%
4 358 000 1929 La canzone di Broadway
0%
215 880 014 1961 La carica dei cento e uno
0%
3 000 000 1926 La danzatrice dei tropici
0%
22 000 000 1925 La grande parata
0%
45 720 631 1962 Lawrence d'Arabia
0%
21 337 978 1945 Le campane di Santa Maria
0%
5 300 000 1938 L'eterna illusione
0%
93 933 394 1955 Lilli e il vagabondo
0%
538 375 067 1980 L'Impero colpisce ancora
0%
106 550 690 1970 Love Story
0%
2 842 000 1936 Margherita Gauthier
0%
119 617 265 1974 Mezzogiorno e mezzo di fuoco
0%
210 308 099 1979 Moonraker - Operazione spazio
0%
2 215 690 000 2025 Nézhā zhī mótóng nàohǎi
0%
2 900 000 1933 Non sono un angelo
0%
7 000 000 1947 Passione di zingara
0%
961 691 209 2007 Pirati dei Caraibi - Ai confini del mondo
0%
1 066 179 747 2006 Pirati dei Caraibi - La maledizione del forziere fantasma
0%
30 028 983 1951 Quo vadis
0%
2 500 000 1922 Robin Hood
0%
40 356 000 1960 Robinson nell'isola dei corsari
0%
28 824 741 1949 Sansone e Dalila
0%
3 700 000 1932 Shanghai Express
0%
36 818 221 1958 South Pacific
0%
520 881 154 1991 Terminator 2 - Il giorno del giudizio
0%
2 500 000 1928 The Road to Ruin
0%
2 000 000 1924 The Sea Hawk
0%
41 600 000 1952 This Is Cinerama
0%
6 800 000 1948 Ti amavo senza saperlo
0%
11 000 000 1930 Tom Sawyer
0%
159 436 802 1965 Tutti insieme appassionatamente
0%
Nessun quiz corrispondente trovato
Distribuzione punteggi
Percentuale di utenti per punteggio
Percentile per numero di risposta
I tuoi punteggi nel tempo
Non hai fatto questo quiz dall'ultimo reset